000 00219nam a22000857a 4500
008 170207b xxu||||| |||| 00| 0 eng d
100 _92794
_aGilwall.L.B.P
245 _aScoting fr Boys in India
260 _aNew Delhi
_bSB
_c2008
999 _c5991
_d5991